The photograph
Saved in:
| Main Author: | |
|---|---|
| Document Type: | Book |
| Language: | English |
| Published: |
Oxford [u.a.]
: Oxford Univ. Press
, 1997
|
| Edition: | 1. publ. |
| Series: | Oxford history of art
|
| Subjects: | |
| Online Access: | Inhaltsverzeichnis Inhaltsverzeichnis |
| Related Items: | Rezension:
[Rezension von: Graham Clarke, The Photograph] Rezension: [Rezension von: Graham Clarke, The Photograph] |
| Author Notes: | Graham Clarke |
| LEADER | 04499cam a2200817 c 4500 | ||
|---|---|---|---|
| 001 | 279275641 | ||
| 003 | DE-627 | ||
| 005 | 20260613205024.0 | ||
| 007 | tu | ||
| 008 | 970611s1997 xx ||||| 00| ||eng c | ||
| 010 | |a 96047645 | ||
| 016 | 7 | |a b9730705 |2 UK | |
| 020 | |a 9780192842008 |9 978-0-19-284200-8 | ||
| 020 | |a 019284248X |9 0-19-284248-X | ||
| 020 | |a 0192842005 |9 0-19-284200-5 | ||
| 020 | |a 0192842005 |9 0-19-284200-5 | ||
| 035 | |a (DE-627)279275641 | ||
| 035 | |a (DE-603)115076565 | ||
| 035 | |a (DE-576)059516364 | ||
| 035 | |a (DE-599)GBV279275641 | ||
| 035 | |a (OCoLC)243866819 | ||
| 035 | |a (OCoLC)243866819 | ||
| 035 | |a (OCoLC)186401780 | ||
| 040 | |a DE-627 |b ger |c DE-627 |e rakwb | ||
| 041 | |a eng | ||
| 082 | 0 | |a 770.9 | |
| 082 | 0 | |a 770 | |
| 084 | |a 9,10 |a 9,11 |2 ssgn | ||
| 084 | |a 9,10 |2 ssgn | ||
| 084 | |a 9,11 |2 ssgn | ||
| 084 | |a AP 95500 |2 rvk |0 (DE-625)rvk/8173: | ||
| 084 | |a LH 65000 |2 rvk |0 (DE-625)rvk/94517: | ||
| 084 | |a HD 370 |2 rvk |0 (DE-625)rvk/48493: | ||
| 084 | |a AP 94700 |2 rvk |0 (DE-625)rvk/8153: | ||
| 084 | |a AP 94200 |2 rvk |0 (DE-625)rvk/8147:658 | ||
| 100 | 1 | |8 1\p |a Clarke, Graham |d 1948- |0 (DE-588)124837662 |0 (DE-627)366964186 |0 (DE-576)215922808 |4 aut | |
| 245 | 1 | 4 | |a The photograph |c Graham Clarke |
| 250 | |a 1. publ. | ||
| 263 | |a (pbk) : £8.99 ; cased ; : £8.99 : Formerly CIP | ||
| 264 | 1 | |a Oxford [u.a.] |b Oxford Univ. Press |c 1997 | |
| 300 | |a 247 S. |b Ill. (some col.), ports (some col.) | ||
| 336 | |a Text |b txt |2 rdacontent | ||
| 337 | |a ohne Hilfsmittel zu benutzen |b n |2 rdamedia | ||
| 338 | |a Band |b nc |2 rdacarrier | ||
| 490 | 0 | |a Oxford history of art | |
| 500 | |a Includes index | ||
| 583 | 1 | |a Archivierung/Langzeitarchivierung gewährleistet |f SSG |x XA-DE-BW |2 pdager |5 DE-16 | |
| 650 | 0 | |a Photography |x History | |
| 650 | 0 | 7 | |0 (DE-588)4045895-7 |0 (DE-627)104434880 |0 (DE-576)209067160 |a Fotografie |2 gnd |
| 650 | 0 | 7 | |0 (DE-588)4132569-2 |0 (DE-627)105686727 |0 (DE-576)209636661 |a Bildbetrachtung |2 gnd |
| 689 | 0 | 0 | |d s |0 (DE-588)4045895-7 |0 (DE-627)104434880 |0 (DE-576)209067160 |a Fotografie |2 gnd |
| 689 | 0 | 1 | |d s |0 (DE-588)4132569-2 |0 (DE-627)105686727 |0 (DE-576)209636661 |a Bildbetrachtung |2 gnd |
| 689 | 0 | |5 (DE-627) | |
| 787 | 0 | 8 | |i Rezension |a Wiegand, Thomas, 1960 - |t [Rezension von: Graham Clarke, The Photograph] |d Heidelberg : Universitätsbibliothek, 2016 |
| 787 | 0 | 8 | |i Rezension |a Wiegand, Thomas, 1960 - |t [Rezension von: Graham Clarke, The Photograph] |d 1997 |w (DE-627)1540332489 |w (DE-576)470332484 |
| 856 | 4 | 2 | |u https://swbplus.bsz-bw.de/bsz059516364inh.htm |m B:DE-576;DE-14 |q application/pdf |v 20090416133132 |x Verlag |3 Inhaltsverzeichnis |7 1 |
| 856 | 4 | 2 | |u http://scans.hebis.de/HEBCGI/show.pl?11507656_toc.pdf |m V:DE-576;B:DE-14 |q application/pdf |3 Inhaltsverzeichnis |7 1 |
| 883 | |8 1\p |a cgwrk |d 20241001 |q DE-101 |u https://d-nb.info/provenance/plan#cgwrk | ||
| 935 | |i Blocktest | ||
| 936 | r | v | |a AP 95500 |b Allgemeines und mehrere Gattungen |k Allgemeines |k Medien- und Kommunikationswissenschaften, Medienkulturwissenschaft, Kommunikationsdesign |k Fotografie |k Motive, Gattungen der künstlerischen Fotografie (auch Abbildungswerke) |k Allgemeines und mehrere Gattungen |0 (DE-627)127064310X |0 (DE-625)rvk/8173: |0 (DE-576)20064310X |
| 936 | r | v | |a LH 65000 |b Kunstgeschichte der Welt oder Europas |k Kunstgeschichte |k Allgemeines. Allgemeine Kunstgeschichte |k Allgemeine Kunstgeschichte: Darstellungen |k Gesamtdarstellungen |k Kunstgeschichte der Welt oder Europas |0 (DE-627)127065232X |0 (DE-625)rvk/94517: |0 (DE-576)20065232X |
| 936 | r | v | |a HD 370 |b Allgemeines |k Anglistik. Amerikanistik |k Allgemeines und Englischunterricht |k Landeskunde |k Allgemeine Landeskunde (Volkskunde, materielle Kultur, Alltagsleben, Sittengeschichte) |k USA |k Allgemeines |0 (DE-627)1270855379 |0 (DE-625)rvk/48493: |0 (DE-576)200855379 |
| 936 | r | v | |a AP 94700 |b Theorie |k Allgemeines |k Medien- und Kommunikationswissenschaften, Medienkulturwissenschaft, Kommunikationsdesign |k Fotografie |k Grundbegriffe, Ästhetik |k Theorie |0 (DE-627)1270694316 |0 (DE-625)rvk/8153: |0 (DE-576)200694316 |
| 936 | r | v | |a AP 94200 |b International, Allgemeines |k Allgemeines |k Medien- und Kommunikationswissenschaften, Medienkulturwissenschaft, Kommunikationsdesign |k Fotografie |k Biografie, Geschichte |k Geschichte der Fotografie |k International, Allgemeines |0 (DE-627)127063707X |0 (DE-625)rvk/8147:658 |0 (DE-576)20063707X |
| 936 | s | n | |a l300 |2 mzub |
| 936 | s | n | |a h100 |2 mzub |
| 951 | |a BO | ||
| 990 | |a Fotografie | ||
| 990 | |a Bildbetrachtung | ||
| 991 | |a Rezensiertes Werk | ||
| 999 | |a KXP-PPN279275641 |e 4005146252 | ||


